[Event "XX C.to Italiano femminile"]
[Site "Formia ITA"]
[Date "1993.07.??"]
[Round "?"]
[White "Damasco, Rosa"]
[Black "Varinelli, Sara"]
[WhiteElo "2005"]
[BlackElo "1600"]
[Result "0-1"]
[PlyCount "82"]
[EventDate "1993.07.16"]

1. e4 e5 2. Nf3 Nc6 3. d4 exd4 4. Bc4 Be7 5. Nxd4 Nxd4 6. Qxd4 Bf6 7. e5 Qe7 8.
O-O Bxe5 9. Qd3 Nf6 10. Bd2 O-O 11. Bc3 Bxc3 12. Nxc3 Re8 13. Nb5 d6 14. Qb3
Rf8 15. Rfe1 Qd7 16. Re3 a6 17. Nd4 d5 18. Bd3 Qd6 19. Bf5 c5 20. Bxh7+ Nxh7
21. Nf3 c4 22. Qa4 Bd7 23. Qa5 Rfe8 24. Rxe8+ Rxe8 25. Rd1 Nf6 26. h3 Bb5 27.
a4 b6 28. Qc3 Bxa4 29. Nd4 Bd7 30. Qf3 Qe5 31. g4 g5 32. c3 Kg7 33. Ra1 a5 34.
Rd1 b5 35. Qg2 Qf4 36. Kf1 b4 37. Ne2 Qe4 38. f3 Qe3 39. h4 gxh4 40. g5 Nh5 41.
Qf2 Qxe2+ 0-1

[Event "XX C.to Italiano femminile"]
[Site "Formia ITA"]
[Date "1993.07.??"]
[Round "?"]
[White "Parrino, Giuseppina"]
[Black "Damasco, Rosa"]
[WhiteElo "1624"]
[BlackElo "2005"]
[Result "0-1"]
[PlyCount "73"]
[EventDate "1993.07.16"]

1. e4 e5 2. Nf3 Nf6 3. Nc3 Nc6 4. Bb5 Nd4 5. Bc4 Nxf3+ 6. Qxf3 d6 7. h3 Be6 8.
Bxe6 fxe6 9. d3 Be7 10. Bd2 O-O 11. Qe2 c6 12. O-O b5 13. a3 h6 14. f4 exf4 15.
Rxf4 e5 16. Rf5 a5 17. Raf1 b4 18. axb4 axb4 19. Nd1 Ra2 20. Kh2 c5 21. Bc1 Kh7
22. Ne3 g6 23. R5f2 Kg7 24. Qd2 Ng8 25. Rxf8 Bxf8 26. Ng4 g5 27. Ne3 Ra8 28.
Qf2 Nf6 29. Nd5 Nxd5 30. Qf7+ Kh8 31. exd5 Qe8 32. Qf6+ Kg8 33. h4 gxh4 34.
Bxh6 Bxh6 35. Qxh6 Qe7 36. Rf6 Ra7 37. Rg6+ 0-1

[Event "XX C.to Italiano femminile"]
[Site "Formia ITA"]
[Date "1993.07.??"]
[Round "?"]
[White "Riegler, Alessandra"]
[Black "Damasco, Rosa"]
[WhiteElo "1600"]
[BlackElo "2005"]
[Result "0-1"]
[PlyCount "52"]
[EventDate "1993.07.16"]

1. e4 e5 2. Nf3 Nf6 3. Nxe5 d6 4. Nf3 Nxe4 5. d4 d5 6. Bd3 Be7 7. O-O Nc6 8. c3
Bg4 9. Bf4 O-O 10. Re1 f5 11. Be2 Kh8 12. Ne5 Bh4 13. g3 Nxe5 14. Bxe5 Bh3 15.
gxh4 f4 16. Bf1 Qxh4 17. Qf3 Bxf1 18. Kxf1 Ng5 19. Qg2 Rf5 20. Nd2 Qh6 21. f3
Nh3 22. Ke2 Rg5 23. Qh1 Qa6+ 24. c4 dxc4 25. Ne4 c3+ 26. Kd1 cxb2 0-1

[Event "XX C.to Italiano femminile"]
[Site "Formia ITA"]
[Date "1993.07.??"]
[Round "?"]
[White "Riegler, Alessandra"]
[Black "Parrino, Giuseppina"]
[WhiteElo "1600"]
[BlackElo "1624"]
[Result "0-1"]
[PlyCount "98"]
[EventDate "1993.07.16"]

1. e4 e5 2. Nf3 Nc6 3. Bb5 a6 4. Bxc6 dxc6 5. O-O Bd6 6. h3 Nf6 7. d3 O-O 8.
Bg5 Re8 9. Re1 h6 10. Be3 Nh5 11. Nc3 Qf6 12. Ne2 Bxh3 13. Nh2 Qg6 14. g3 Nf4
15. Qd2 Nxe2+ 16. Qxe2 h5 17. Kh1 Bg4 18. f3 Be6 19. Rg1 b5 20. a4 c5 21. b3 f6
22. c4 c6 23. Qf2 Rad8 24. axb5 axb5 25. Ra6 bxc4 26. dxc4 Bd7 27. Bxc5 Re6 28.
Ra7 Bxc5 29. Qxc5 Be8 30. Qf2 Red6 31. Ra2 Rd3 32. Rb2 Qf7 33. Rc1 Qb7 34. Rcb1
Bd7 35. c5 Bh3 36. Qe2 Qd7 37. Kg1 Qd4+ 38. Qf2 Qb4 39. Nf1 Rd1 40. Rxd1 Rxd1
41. Qe2 Rxf1+ 42. Kh2 Re1 43. Qa6 Bd7 44. Qa7 Rd1 45. Qa2 Qe1 46. g4 Qh1+ 47.
Kg3 h4+ 48. Kf2 Qg1+ 49. Ke2 Qe1# 0-1

[Event "XX C.to Italiano femminile"]
[Site "Formia ITA"]
[Date "1993.07.??"]
[Round "?"]
[White "Zavatta, Benedetta"]
[Black "Varinelli, Sara"]
[WhiteElo "1600"]
[BlackElo "1600"]
[Result "1-0"]
[PlyCount "71"]
[EventDate "1993.07.16"]

1. d4 d5 2. c4 dxc4 3. e4 Nf6 4. e5 Nd5 5. Bxc4 e6 6. Nf3 Be7 7. Nc3 Nxc3 8.
bxc3 O-O 9. O-O Nc6 10. Bb3 b6 11. Qd3 Bb7 12. Bc2 g6 13. Nd2 a5 14. Re1 Qd5
15. Qh3 Bg5 16. Ne4 Be7 17. Qh6 f5 18. exf6 Bxf6 19. Nxf6+ Rxf6 20. Bg5 Rf7 21.
Bb3 Qf5 22. Bxe6 Qxf2+ 23. Kh1 Nd8 24. Bh3 Bc6 25. Be3 Qf6 26. Kg1 Qg7 27. Qh4
Qf6 28. Bg5 Qd6 29. Be7 Qd5 30. Re5 Qc4 31. Bxd8 Qxc3 32. Rae1 Qd3 33. Be6 Qc2
34. Bxf7+ Kf8 35. Qe7+ Kg7 36. Bb3+ 1-0